[Event "45th Olympiad 2024"]
[Site "Budapest HUN"]
[Date "2024.09.15"]
[Round "5.70"]
[Board "4"]
[White "Khayat, Emad"]
[Black "Linn Phone Myat"]
[Result "0-1"]
[WhiteElo "1907"]
[BlackElo "1763"]
[PlyCount "110"]
[EventDate "2024.09.11"]
[WhiteTeam "Saudi Arabia"]
[BlackTeam "Myanmar"]
[WhiteTeamCountry "SAU"]
[BlackTeamCountry "MYA"]

1. d4 Nf6 2. Nf3 e6 3. c4 Bb4+ 4. Bd2 Qe7 5. g3 b6 6. Bg2 Bb7 7. O-O Bxd2 8. Qxd2 O-O 9. Nc3 d6 10. Qc2 Nbd7 11. e4 e5 12. Nd5 ({RR} 12. Rfe1 Rfe8 13. Rad1 a6 14. b3 g6 15. Qc1 Kg7 16. h4 exd4 17. Nxd4 Rab8 18. Nd5 Nxd5 19. cxd5 Ne5 20. h5 Ng4 21. f3 Nf6 22. h6+ Kg8 23. Qa1 Qf8 24. Qc1 Nd7 25. Qxc7 Nc5 26. Qxb6 Bxd5 {1-0 Kasparov,G (2825)-Akopian,V (2660) Internet blitz 5' 1998}) 12... Bxd5 $146 ({RR} 12... Nxd5 13. cxd5 Rfc8 14. dxe5 dxe5 15. Bh3 f6 16. Rfd1 Kh8 17. Rac1 a5 18. Qd2 Qd6 19. Nh4 g6 20. Nxg6+ hxg6 21. Qh6+ {1-0 Shalimov,V (2426)-Kruglyakov,P (2242) Kiev Independence Cup-A 5th 2005 (1)}) ({RR} 12... Nxd5 13. cxd5 exd4 14. Nxd4 Rfc8 15. b4 a5 16. a3 Ba6 17. b5 Bb7 18. Bh3 Nc5 19. Bxc8 Bxc8 20. Rfe1 Bh3 21. f4 f6 22. Nb3 a4 23. Nxc5 bxc5 24. Qc4 g5 25. Qe2 gxf4 26. gxf4 Kh8 27. Kf2 {1-0 Rangel,D (2207)-Chaves,J (1855) Rio de Janeiro Guanabara op 1st 2022 (5)}) ({RR} 12... Nxd5 13. cxd5 Rfc8 14. dxe5 c6 15. exd6 Qxd6 16. e5 Qxd5 17. Ng5 {1-0 Esposito,A-Beretta,H ARG-ch Buenos Aires 1949 (17)}) 13. cxd5 Rac8 14. Rfe1 Rfe8 15. b4 Qd8 16. Rac1 h6 17. Qa4 a5 18. bxa5 exd4 19. axb6 Nxb6 20. Qxd4 Ra8 21. Rc2 Ra4 22. Qd1 Raxe4 23. Rxe4 Nxe4 24. Bf1 Nc5 25. Bb5 Re4 26. Nd4 Qe7 27. Kg2 Qe5 28. Rd2 Re1 29. Qf3 Qxd5 30. Qxd5 Nxd5 31. Bc6 Nb4 32. a3 Nxc6 33. Nxc6 Kf8 34. Ra2 Ke8 35. a4 Kd7 36. Nb8+ Kc8 37. Nc6 Re4 38. a5 Ra4 39. Rb2 Na6 40. Ne7+ Kd7 41. Nf5 Rxa5 42. g4 h5 43. h3 hxg4 44. hxg4 g6 45. Nh6 Ke6 46. f4 f5 47. Re2+ Kd7 48. g5 Nc5 49. Ng8 Ra4 50. Re7+ Kc6 51. Rg7 Ne6 52. Ne7+ Kb7 53. Rg8 Rxf4 54. Rxg6 Rg4+ 55. Kf3 Nxg5+ 0-1

[Event "45th Olympiad 2024"]
[Site "Budapest HUN"]
[Date "2024.09.15"]
[Round "5.71"]
[Board "3"]
[White "Combs, Daniel"]
[Black "Wanasunia, Elvis Likoko"]
[Result "0-1"]
[WhiteElo "1688"]
[BlackElo "1942"]
[PlyCount "54"]
[EventDate "2024.09.11"]
[WhiteTeam "Guam"]
[BlackTeam "Kenya"]
[WhiteTeamCountry "GMA"]
[BlackTeamCountry "KEN"]

1. e4 c5 2. Nf3 e6 3. d4 cxd4 4. Nxd4 a6 5. Nc3 Nf6 6. Bc4 ({RR} 6. Rg1 b5 7. g4 Bb7 8. Bg2 d6 9. a3 Qc7 10. Qe2 {½-½ Fressinet,L (2440)-Relange,E (2452) FRA-ch Final stage 1999 (1.1)}) 6... Qc7 ({RR} 6... Bc5 7. Nf3 Qb6 8. O-O Ng4 9. Be3 Bxe3 10. fxe3 Nxe3 11. Qd3 Ng4+ 12. Rf2 Qxf2+ 13. Kh1 Ne3 14. Rg1 Nc6 15. Nd1 Nxd1 16. Rxd1 d5 17. exd5 exd5 18. Qxd5 O-O 19. Rf1 Qe3 20. Nh4 Be6 21. Qd3 {0-1 Carvalho,T-Arruda,L (1913) Corumba Rodrigues de Souza Memorial 2nd 2018 (5.2)}) 7. Bb3 Bb4 8. Nde2 $146 ({RR} 8. Qd3 b5 9. f3 Bb7 10. Be3 d5 11. exd5 Bxd5 12. O-O Bb7 13. Rfe1 O-O 14. Rad1 Bd6 15. h3 Bh2+ 16. Kh1 Bg3 17. Rf1 Nc6 18. Nxc6 Qxc6 19. Qe2 Bb8 20. Qd3 Qc7 21. Bg1 b4 22. Ne2 a5 {0-1 Lopez,J-Agudelo,C (2113) Cartago op 2010 (6)}) ({RR} 8. Bd2 Bxc3 9. Bxc3 Nxe4 10. Ne2 Nxc3 11. Nxc3 Nc6 12. O-O b5 13. Ne4 Na5 14. Rc1 Ke7 15. Qd2 f6 16. Rfd1 d5 17. Qb4+ Kf7 18. Nd6+ Kg8 19. Nf5 Kf7 20. Nd6+ Kg8 21. Rd3 Nc4 22. Bxc4 bxc4 {1-0 Farias Callejas,W-Romero Moya,E Cabure-ch Gobernadora de Falcon 2012 (4)}) 8... Nc6 9. f3 b5 10. Be3 Bb7 11. O-O O-O 12. Qd2 Rad8 13. Rad1 d5 14. Qc1 dxe4 15. Nxe4 Nxe4 16. fxe4 Na5 17. Ng3 Nxb3 18. axb3 Bd6 19. Bf2 Bf4 20. Qb1 h5 21. Nxh5 Bxh2+ 22. Kh1 Qe5 23. Nxg7 Kxg7 24. Bd4 Rxd4 25. Rxd4 Rh8 26. Qd1 Bf4+ 27. Kg1 Be3+ 0-1

[Event "45th Olympiad 2024"]
[Site "Budapest HUN"]
[Date "2024.09.15"]
[Round "5.71"]
[Board "4"]
[White "Mutuge Ian"]
[Black "Doria, Daniel"]
[Result "1-0"]
[WhiteElo "1938"]
[BlackElo "1745"]
[PlyCount "83"]
[EventDate "2024.09.11"]
[WhiteTeam "Kenya"]
[BlackTeam "Guam"]
[WhiteTeamCountry "KEN"]
[BlackTeamCountry "GMA"]

1. e4 e5 2. Nf3 Nc6 3. Bb5 a6 4. Ba4 Nf6 5. O-O b5 6. Bb3 Bc5 7. c3 d6 8. d4 exd4 9. cxd4 Bb6 10. h3 O-O 11. Nc3 Bb7 ({RR} 11... Na5 12. Bc2 c5 13. Bg5 h6 14. Bh4 g5 15. Bg3 g4 16. dxc5 Bxc5 17. hxg4 Bxg4 18. Bh4 Be6 19. e5 dxe5 20. Qxd8 Rfxd8 21. Bxf6 {1-0 Scekic,V (2206)-Vukovic,K (1904) 76th ch-MNE 2024 (8.17)}) 12. e5 $146 ({RR} 12. Re1 h6 13. a4 b4 14. Nd5 Nxd5 15. Bxd5 Na5 16. Bxb7 Nxb7 17. b3 f5 18. exf5 Rxf5 19. Qd3 Qf6 20. Ra2 Rf8 21. Rae2 Rxf3 22. Qxf3 Qxf3 23. gxf3 Bxd4 24. Bb2 Bxb2 25. Rxb2 Rxf3 26. Kg2 Rf7 {0-1 Bojkovic,N (2410)-Bjelajac Prokopovic,O (2080) YUG-chT Cup (Women) 1994 (1)}) ({RR} 12. Re1 h6 13. a3 Re8 14. Bf4 Na5 15. Bc2 Nc6 16. Qd3 b4 17. Nd5 bxa3 18. bxa3 a5 19. Nxb6 cxb6 20. e5 dxe5 21. Nxe5 Qxd4 22. Nxc6 Qxd3 23. Bxd3 Bxc6 24. Be3 Nd5 25. Bd2 Kf8 26. Be4 Re6 {½-½ Marcinkowski,P-Niespielak,O POL-ch U12 Kolobrzeg 2001}) 12... dxe5 13. dxe5 Nd7 14. e6 Nde5 15. Nxe5 Nxe5 16. Qxd8 Rfxd8 17. Bf4 Nc4 18. exf7+ Kxf7 19. a4 Kf8 20. Bxc4 bxc4 21. a5 Bc5 22. Ra4 Bd6 23. Rxc4 Rd7 24. Rd1 Rad8 25. Bg5 Re8 26. Bf4 Red8 27. Bxd6+ cxd6 28. Nd5 Rf7 29. Nb6 d5 30. Rcd4 Rf5 31. Rc1 Rf6 32. Rc7 Bc6 33. Ra7 Rf7 34. Rxf7+ Kxf7 35. Kf1 Re8 36. Nxd5 Re5 37. Nb4 Bb5+ 38. Kg1 Re2 39. Nd3 Kf6 40. b4 Rc2 41. Nc5 Rc4 42. Rxc4 1-0

[Event "45th Olympiad 2024"]
[Site "Budapest HUN"]
[Date "2024.09.15"]
[Round "5.72"]
[Board "1"]
[White "Chinasamy, Devarajen"]
[Black "Barcon, Harmon"]
[Result "1/2-1/2"]
[WhiteElo "1975"]
[BlackElo "1968"]
[PlyCount "46"]
[EventDate "2024.09.11"]
[WhiteTeam "Mauritius"]
[BlackTeam "Liberia"]
[WhiteTeamCountry "MRI"]
[BlackTeamCountry "LBR"]

1. d4 d5 2. Nc3 Nf6 3. Bf4 a6 4. e3 e6 5. g4 Bb4 6. Nge2 Ne4 ({RR} 6... O-O 7. a3 Be7 8. g5 Nh5 9. h4 c5 10. Bxb8 Rxb8 11. dxc5 Bxc5 12. Nd4 Bxd4 13. Qxd4 g6 14. Be2 Ng7 15. O-O-O Qc7 16. h5 b5 17. h6 Nf5 18. Qf6 Qe7 19. Qe5 Qd6 20. Qxd6 Nxd6 21. e4 {1-0 Carlsen,M (2876)-Sjugirov,S (2662) Chess24 Banter Blitz Cup 2019 (6.5)}) 7. h4 ({RR} 7. a3 Qh4 8. Bg3 Nxg3 9. fxg3 Bxc3+ 10. Nxc3 Qg5 11. Qf3 O-O 12. h4 Qe7 13. Bd3 c5 14. dxc5 Qxc5 15. g5 Nc6 16. O-O-O Ne5 17. Qf4 Nxd3+ 18. Rxd3 b5 19. h5 Bb7 20. h6 d4 21. exd4 Qf5 {1-0 Siddharth,J (2490)-Molenda,M (2377) Titled Tue 12th Mar Early 2024 (2)}) 7... c5 $146 ({RR} 7... e5 8. Bxe5 Bxg4 9. Qd3 f6 10. Bf4 Bd7 11. a4 Bf5 12. Bh3 Bg6 13. Qd1 Bh5 14. Qd3 Bg6 15. Qd1 O-O 16. f3 Nd6 17. h5 Bxh5 18. Be6+ Bf7 19. Bxf7+ Rxf7 20. Qd3 g6 21. O-O-O c6 22. Rdg1 {1-0 Ratkovic,P (2051)-Kulnev,A (2173) Rain Band 1 2023 (9.2)}) ({RR} 7... Bd7 8. f3 Nxc3 9. bxc3 Be7 10. Bg3 Bb5 11. Bg2 Nd7 12. e4 c6 13. a4 Bxe2 14. Qxe2 Qa5 15. Qd3 Nb6 16. Kf2 Nxa4 17. c4 b5 18. cxd5 cxd5 19. exd5 O-O 20. d6 Bd8 21. Rhc1 Rc8 22. c4 {½-½ Schiller,J (1871)-Nagel,B (2180) Bremen Silvester op 2021 (2)}) 8. f3 Nf6 9. a3 Bxc3+ 10. Nxc3 cxd4 11. exd4 Nc6 12. Qd2 b5 13. Ne2 Qb6 14. c3 Na5 15. Nc1 Nc4 16. Qh2 Qc6 17. Nd3 Nd7 18. Nb4 Qb7 19. Nd3 Qc6 20. Nb4 Qb7 21. Nd3 Qc6 22. Nb4 Qb7 23. Nd3 Qc6 1/2-1/2

[Event "45th Olympiad 2024"]
[Site "Budapest HUN"]
[Date "2024.09.15"]
[Round "5.72"]
[Board "2"]
[White "David Leroy Debblay"]
[Black "Lam Kin Cheung, Stephane"]
[Result "1-0"]
[WhiteElo "1904"]
[BlackElo "1677"]
[PlyCount "161"]
[EventDate "2024.09.11"]
[WhiteTeam "Liberia"]
[BlackTeam "Mauritius"]
[WhiteTeamCountry "LBR"]
[BlackTeamCountry "MRI"]

1. d4 c5 2. d5 Nf6 3. Nc3 d6 4. e4 g6 5. f4 Bg7 6. Nf3 O-O 7. Be2 Nbd7 ({RR} 7... e6 8. O-O exd5 9. e5 dxe5 10. fxe5 Ng4 11. Bg5 f6 12. exf6 Nxf6 13. Nxd5 Qxd5 14. Bxf6 Qxd1 15. Bc4+ Kh8 16. Bxg7+ Kxg7 17. Raxd1 Nc6 18. Rd5 b6 19. Rd6 Na5 20. Bd5 Ba6 21. Re1 Rad8 22. Re7+ {1-0 Khamrakulov,I (2495)-Garza Marco,S (2434) La Roda op 38th 2011 (6)}) 8. O-O ({RR} 8. Be3 Ng4 9. Bg1 Qa5 10. h3 Bxc3+ 11. bxc3 Qxc3+ 12. Nd2 Qg3+ 13. Kf1 Qxf4+ 14. Nf3 Ngf6 15. Bd3 Nxe4 16. Bh2 Ng3+ 17. Bxg3 Qxg3 18. c4 Nf6 19. Qd2 e6 20. dxe6 fxe6 21. Qf2 {0-1 Lavrishchev,M (1175)-Karmishyn,V Minsk Kupreichik Memorial rapid 2019 (9)}) 8... a6 9. a4 Rb8 $146 ({RR} 9... Qc7 10. Kh1 Kh8 11. a5 Ng8 12. Qe1 b5 13. axb6 Nxb6 14. Na4 Bd7 15. Nxb6 Qxb6 16. Qa5 Qxa5 17. Rxa5 Nf6 18. Nd2 Bb5 19. Bxb5 axb5 20. Rxb5 Ra4 21. c4 Ng4 22. h3 Ne3 23. Rg1 Nxc4 24. b3 {1-0 Devulder,A (2065)-Bellagamba,P (1760) Syre Memorial op 17th 1994 (5)}) ({RR} 9... Qc7 10. h3 Nh5 11. Qe1 Bxc3 12. bxc3 Ng7 13. Qh4 f6 14. g4 c4 15. Nd4 Nc5 16. Bf3 e5 17. Ne2 exf4 18. Qh6 g5 19. h4 Qe7 20. Nd4 Nd7 21. Ba3 Ne5 22. hxg5 Nxf3+ 23. Rxf3 Qe5 24. Raf1 {1-0 Vos,J-De Wit,T NED-ch U14 Leiden 2000 (1)}) 10. h3 Ne8 11. Be3 Nc7 12. a5 b5 13. axb6 Nxb6 14. Qd2 Qd7 15. Rfd1 Nb5 16. e5 Bb7 17. Nxb5 axb5 18. Qa5 Nxd5 19. Bxb5 Bc6 20. Bxc6 Qxc6 21. Qa3 Nxe3 22. Qxe3 Rxb2 23. Qd3 Rd8 24. Ra6 Rb6 25. Ra7 e6 26. Ng5 Rd7 27. Rxd7 Qxd7 28. Ne4 d5 29. Nxc5 Qb5 30. Nb3 Qxd3 31. Rxd3 Rc6 32. Nd4 Rc4 33. c3 Bf8 34. g4 Bc5 35. Kg2 Bb6 36. Ne2 Kg7 37. g5 Re4 38. Kf3 h6 39. h4 hxg5 40. hxg5 Rc4 41. Rd1 Re4 42. Rd3 Rc4 43. Rd2 Kf8 44. Rb2 Ba5 45. Rb3 Ke7 46. Ke3 Kd7 47. Rb7+ Bc7 48. Kd3 Kc6 49. Ra7 Rc5 50. Nd4+ Kd7 51. Nb3 Rb5 52. Kc2 Kc8 53. Nd4 Ra5 54. Rxa5 Bxa5 55. Nb5 Kd7 56. Kd3 Bb6 57. Nd6 Bc5 58. Nxf7 Ke7 59. Nh8 Bf2 60. Nxg6+ Kf7 61. f5 Bg3 62. Ke3 exf5 63. Nf4 Be1 64. g6+ Kg7 65. e6 Kf6 66. Kd4 Bg3 67. Nh5+ Kxe6 68. Nxg3 f4 69. Nh5 f3 70. g7 Kf7 71. Ke3 d4+ 72. cxd4 f2 73. Kxf2 Kg8 74. d5 Kh7 75. d6 Kg8 76. d7 Kh7 77. Kg3 Kg8 78. d8=Q+ Kh7 79. Qh8+ Kg6 80. g8=Q+ Kf5 81. Qg4# 1-0

[Event "45th Olympiad 2024"]
[Site "Budapest HUN"]
[Date "2024.09.15"]
[Round "5.72"]
[Board "3"]
[White "Lee Luen Mang, Stefan"]
[Black "Obediah Saah"]
[Result "0-1"]
[WhiteElo "1803"]
[BlackElo "1976"]
[PlyCount "124"]
[EventDate "2024.09.11"]
[WhiteTeam "Mauritius"]
[BlackTeam "Liberia"]
[WhiteTeamCountry "MRI"]
[BlackTeamCountry "LBR"]

1. e4 e6 2. d4 d5 3. e5 c5 4. c3 Nc6 5. Nf3 Qb6 6. Bd3 Bd7 7. dxc5 Bxc5 8. O-O Bf8 ({RR} 8... Nh6 9. b4 Be7 10. Bf4 Rd8 11. b5 Na5 12. Bxh6 gxh6 13. a4 Nc4 14. Bxc4 dxc4 15. Qc1 a6 16. Qxh6 axb5 17. axb5 Rg8 18. Qxh7 Kf8 19. Na3 Bxb5 20. Nxb5 Qxb5 21. Qe4 Qd5 22. Qxd5 Rxd5 23. Rfb1 {½-½ Bjelajac,M (2375)-Ivanovic,B (2470) YUG-Cup 36th 1993 (6)}) ({RR} 8... Rc8 9. b4 Bf8 10. a4 Nge7 11. Bf4 Ng6 12. Bg3 Be7 13. Qe2 O-O 14. h4 Qd8 15. Nbd2 Be8 16. Nb3 Nxh4 17. Nxh4 Bxh4 18. Qh5 {1-0 Munoz Monroy,C (1895)-Raigosa,A (1831) COL-ch U20 Girls 2014 (7)}) 9. Re1 $146 ({RR} 9. Qc2 Nge7 10. Bg5 Ng6 11. Re1 Be7 12. Bxe7 Ncxe7 13. Nbd2 O-O 14. Nb3 Rac8 15. Qd2 Bc6 16. Nbd4 Qc7 17. h4 Rfe8 18. h5 Nf8 19. h6 g6 20. Qg5 Nd7 21. Nh4 Kf8 22. Nxe6+ fxe6 23. Nxg6+ Nxg6 {0-1 Ruikys,M-Dzikia,A Sea festival 2003 (2)}) ({RR} 9. b4 a6 10. a4 Nge7 11. Be3 Qc7 12. Bf4 Ng6 13. Bxg6 hxg6 14. Re1 Be7 15. Na3 Qd8 16. Nc2 g5 17. Bg3 Kf8 18. Ncd4 g4 19. Nxc6 bxc6 20. Nd4 Bh4 21. Qxg4 Bxg3 22. fxg3 Rh6 23. Rf1 Kg8 {0-1 Madruga Diego,F (1397)-Ontiveros Lopez,F (1639) Andalucia-ch Seniors 1112 2012 (6)}) 9... Nge7 10. h4 Ng6 11. h5 Nge7 12. a4 Na5 13. Na3 a6 14. b4 Nac6 15. Rb1 Qc7 16. a5 Na7 17. Qb3 Rc8 18. Be3 Nb5 19. Nxb5 Bxb5 20. Bxb5+ axb5 21. Rbc1 Nc6 22. Bb6 Qd7 23. Qb1 Be7 24. Qd3 O-O 25. Nd2 Bg5 26. Bc5 Rfe8 27. g3 Bxd2 28. Qxd2 Nxa5 29. h6 Qd8 30. Qf4 Nb3 31. hxg7 Nxc1 32. Rxc1 b6 33. Bd4 Qc7 34. Kg2 Qc4 35. Re1 Qd3 36. g4 Ra8 37. f3 Ra2+ 38. Kg3 Qc2 39. Qh6 Qg2+ 40. Kf4 Qd2+ 41. Re3 Rb2 42. Bxb6 Rc8 43. Qf6 Rc2 44. Bd4 Rc1 45. Qh4 Rg1 46. Qh3 Rg2 47. Kg5 Re2 48. f4 Rxe3 49. Qxe3 Qxe3 50. Bxe3 Rxc3 51. Bd2 Rd3 52. Be1 Kxg7 53. f5 h6+ 54. Kf4 Rd4+ 55. Kf3 Re4 56. Bc3 Kh7 57. f6 Kg6 58. Kf2 Rxg4 59. Kf3 Kf5 60. Bd2 h5 61. Bc3 h4 62. Kf2 h3 0-1

[Event "45th Olympiad 2024"]
[Site "Budapest HUN"]
[Date "2024.09.15"]
[Round "5.74"]
[Board "4"]
[White "Kalka, Shiva"]
[Black "Prakash, Prashil"]
[Result "1-0"]
[WhiteElo "1849"]
[BlackElo "1745"]
[PlyCount "73"]
[EventDate "2024.09.11"]
[WhiteTeam "Suriname"]
[BlackTeam "Fiji"]
[WhiteTeamCountry "SUR"]
[BlackTeamCountry "FIJ"]

1. e4 e5 2. Nf3 Nc6 3. d4 exd4 4. Bc4 Bc5 5. c3 Nf6 6. e5 d5 7. Bb5 Ne4 8. cxd4 Bb6 9. Qc2 Bd7 10. Bxc6 Bxc6 ({RR} 10... bxc6 11. Be3 O-O 12. O-O f6 13. exf6 Qxf6 14. Ne5 Qe6 15. Nd2 Nxd2 16. Qxd2 Bc8 17. Qc3 Bb7 18. Rac1 Rf6 19. Bg5 Rf5 20. Be3 Rf6 21. Rc2 Re8 22. Re1 Qc8 23. Qd2 Qa8 24. b4 h6 25. h3 {½-½ Astengo,C (2072)-Neuhoff,L (1846) Arco op 43rd 2021 (5)}) 11. O-O O-O 12. a4 $146 ({RR} 12. Nc3 f6 13. Qb3 Kh8 14. Be3 f5 15. h4 f4 16. Bc1 h6 17. e6 Nxc3 18. bxc3 Qf6 19. e7 Qxe7 20. Ba3 Qf6 21. Bxf8 Rxf8 22. Rfe1 g5 23. hxg5 hxg5 24. Ne5 f3 25. Qc2 Kg7 26. Re3 g4 {1-0 Matriciani,R (1922)-Probst,A (1850) Rheinland-ch MTB 2003 (9)}) ({RR} 12. Be3 Bd7 13. a4 c6 14. b4 a5 15. Qb2 Qe7 16. bxa5 Bxa5 17. Rc1 Qb4 18. Qxb4 Bxb4 19. Bd2 Nxd2 20. Nbxd2 Bf5 21. Nb3 Ra7 22. Nc5 Bxc5 23. dxc5 Rfa8 24. Nd4 Bg6 25. f4 Rxa4 26. Rxa4 Rxa4 {0-1 Bastian,A-Liss,E (2330) EU-chT (Men) 09th 1989 (5.4)}) 12... a6 13. b3 Bd7 14. Ba3 Re8 15. Nbd2 Bf5 16. Qb2 c6 17. Kh1 Re6 18. Rad1 Rh6 19. Nxe4 Bxe4 20. Qe2 Qd7 21. Ng1 Qf5 22. Rd2 Qf4 23. h3 Re8 24. f3 Bf5 25. g4 Bc8 26. Qh2 Qe3 27. Qf2 Qxb3 28. Bd6 Qxa4 29. Kg2 f6 30. f4 Qb3 31. Nf3 fxe5 32. fxe5 Rxd6 33. Ng5 Rdd8 34. Qf7+ Kh8 35. Rdf2 Qa3 36. Qh5 Qd3 37. Qxe8+ 1-0

[Event "45th Olympiad 2024"]
[Site "Budapest HUN"]
[Date "2024.09.15"]
[Round "5.75"]
[Board "1"]
[White "Ebosse Kingue Victor Patrick"]
[Black "Tchouka, Yakini"]
[Result "0-1"]
[WhiteElo "2014"]
[BlackElo "1932"]
[PlyCount "106"]
[EventDate "2024.09.11"]
[WhiteTeam "Cameroon"]
[BlackTeam "Togo"]
[WhiteTeamCountry "CAM"]
[BlackTeamCountry "TOG"]

1. e4 c5 2. Nf3 d6 3. d4 cxd4 4. Nxd4 Nf6 5. Nc3 g6 6. Be3 Bg7 7. f3 Nc6 8. Bc4 Bd7 9. Qd2 O-O 10. h4 h5 11. O-O-O Rc8 12. Bb3 Ne5 13. g4 hxg4 14. h5 Nxh5 15. Bh6 e6 16. Bxg7 Kxg7 17. fxg4 Nxg4 18. Rdg1 Ngf6 19. Nf3 $146 ({RR} 19. Qg2 Rh8 20. Nce2 Qe8 21. Qf3 Rc5 22. Nf4 Nxf4 23. Qxf4 e5 24. Qf3 Rxh1 25. Rxh1 exd4 26. Rf1 Qe7 27. Qf2 Bb5 28. Re1 Re5 {0-1 Glick,M-Levy,J Hatfield Fall op 19th 1999 (4)}) ({RR} 19. Qg5 Rc5 20. Qg2 Qa5 21. Bxe6 Rxc3 22. Nf5+ Kh7 23. Qg5 Bxe6 24. Qh6+ Kg8 25. Rxg6+ fxg6 26. Qxg6+ Kh8 27. Qg7# {1-0 Alonso Orta,O (2044)-Smieszek,W (2110) Titled Tue 21st May Late 2024 (4)}) ({RR} 19. Qg5 Qb6 20. Nxe6+ Bxe6 21. Bxe6 Rc5 22. Bd5 Rfc8 23. Rf1 Rxd5 24. exd5 Qd4 25. Rxf6 Qxf6 26. Rxh5 Qxg5+ 27. Rxg5 a6 28. Ne4 f5 29. Nxd6 Rd8 30. Nxb7 Rxd5 31. c4 Rd7 32. Na5 Kf6 33. Rg2 f4 {1-0 Strobel,W-Rohr,D Bayern Kongress-47 Meisterturnier 2 1976 (1)}) 19... Qc7 20. Qg5 Rh8 21. e5 dxe5 22. Nxe5 Rcg8 23. Rf1 Be8 24. Rh4 Qe7 25. Rd4 Nd5 26. Qd2 Nxc3 27. Qxc3 Qg5+ 28. Rd2 Kf8 29. Qc5+ Qe7 30. Qxa7 Ng3 31. Re1 Rh5 32. Qf2 Qh4 33. Rd4 Qh2 34. Qe3 Nf5 35. Ng4 Qh4 36. Qe5 Nxd4 37. Qd6+ Qe7 38. Qxd4 Rgh8 39. Nf6 Rh1 40. Rxh1 Rxh1+ 41. Kd2 e5 42. Qf2 Qb4+ 43. c3 Qf4+ 44. Qxf4 exf4 45. Bd5 Rh2+ 46. Kd3 Bc6 47. b4 g5 48. a4 Bxd5 49. Nxd5 f3 50. Ke3 f2 51. Ke2 g4 52. Ne3 g3 53. a5 Rh1 0-1

[Event "45th Olympiad 2024"]
[Site "Budapest HUN"]
[Date "2024.09.15"]
[Round "5.75"]
[Board "2"]
[White "Egbe, Kossi Thierry"]
[Black "Zebaze Dongmo Loic Dylane"]
[Result "1/2-1/2"]
[WhiteElo "1847"]
[BlackElo "1914"]
[PlyCount "118"]
[EventDate "2024.09.11"]
[WhiteTeam "Togo"]
[BlackTeam "Cameroon"]
[WhiteTeamCountry "TOG"]
[BlackTeamCountry "CAM"]

1. e4 e6 2. d4 d5 3. exd5 exd5 4. Bd3 c5 5. Nf3 c4 6. Be2 Bd6 7. Nc3 ({RR} 7. b3 cxb3 8. axb3 Ne7 9. O-O Nbc6 10. Na3 O-O 11. c3 a6 12. Nc2 Rb8 13. Ne3 b5 14. Bd3 h6 15. Bc2 a5 16. Qd3 f5 17. Re1 f4 18. Qh7+ Kf7 19. Ng5+ hxg5 20. Qh5+ g6 21. Qh7+ Ke8 {1-0 Alekseev,E (2645)-Gleizerov,E (2498) Eurasia Cup op 2019 (6)}) ({RR} 7. O-O Ne7 8. b3 cxb3 9. axb3 O-O 10. c4 b6 11. Ba3 Bb7 12. c5 bxc5 13. dxc5 Bc7 14. Nd4 Nbc6 15. b4 Ng6 16. b5 Bxh2+ 17. Kxh2 Qh4+ 18. Kg1 Nxd4 19. c6 Bc8 20. Bxf8 Nxf8 21. g3 Qe4 {1-0 Prieto Aranguren,A (2166)-Murthy,P (1893) Titled Tue 5th Mar Early 2024 (11)}) 7... Nf6 8. Bg5 Be6 9. O-O $146 ({RR} 9. Nb5 Qa5+ 10. Nc3 Ne4 11. Bd2 Nxd2 12. Qxd2 Nc6 13. a3 O-O 14. O-O h6 15. Rfe1 Rfe8 16. b4 Qd8 17. Na2 b5 18. Bf1 Qf6 19. h3 Bf4 20. Qd1 Bf5 21. Rxe8+ Rxe8 22. Nc3 Be4 23. Nxb5 Bb8 {1-0 Prass,M-Hellmann,T Dortmund op-B 1998}) 9... O-O 10. Nb5 Be7 11. b3 a6 12. Nc3 Qa5 13. Bd2 Bb4 14. Qe1 Nc6 15. a3 Bxc3 16. Bxc3 Qc7 17. bxc4 dxc4 18. Bb2 Rfe8 19. Qd1 Rad8 20. c3 Na5 21. Nd2 Bd5 22. Bf3 Ne4 23. Bxe4 Bxe4 24. Re1 Bd3 25. Qa4 b5 26. Qb4 Qf4 27. Nf3 Nb3 28. Rxe8+ Rxe8 29. Re1 Rxe1+ 30. Nxe1 Qe4 31. Nf3 Qe2 32. h3 Qxb2 33. Qe7 Qc1+ 34. Kh2 Qf4+ 35. Kg1 h6 36. d5 Bf5 37. Ne5 f6 38. Nd7 Bxd7 39. Qxd7 Nd2 40. Qe6+ Kh7 41. d6 Ne4 42. d7 Qxf2+ 43. Kh2 Qf4+ 44. Kg1 Nc5 45. Qc6 Qe3+ 46. Kh1 Nxd7 47. Qxd7 Qxc3 48. Qf5+ Kg8 49. Qe6+ Kf8 50. Qd6+ Kf7 51. Qd7+ Kg8 52. Qc8+ Kf7 53. Qd7+ Kg6 54. Qg4+ Kh7 55. Qf5+ Kg8 56. Qc8+ Kh7 57. Qf5+ g6 58. Qd7+ Kg8 59. Qe8+ Kg7 1/2-1/2

[Event "45th Olympiad 2024"]
[Site "Budapest HUN"]
[Date "2024.09.15"]
[Round "5.75"]
[Board "4"]
[White "Fumey, Enyonam Sewa"]
[Black "Makem Pierre"]
[Result "1/2-1/2"]
[WhiteElo "1845"]
[BlackElo "1860"]
[PlyCount "103"]
[EventDate "2024.09.11"]
[WhiteTeam "Togo"]
[BlackTeam "Cameroon"]
[WhiteTeamCountry "TOG"]
[BlackTeamCountry "CAM"]

1. e4 e6 2. Nf3 d5 3. exd5 exd5 4. d4 Bd6 5. Bd3 Ne7 6. Nc3 c6 7. Bg5 f6 ({RR} 7... Qc7 8. Qe2 O-O 9. O-O-O Ng6 10. Rhe1 f6 11. Bxg6 hxg6 12. Bh4 Bg4 13. Bg3 Na6 14. Bxd6 Qxd6 15. h3 Bd7 16. Qe7 Qf4+ 17. Qe3 Qc7 18. Nh4 Rae8 19. Qf3 Kh7 20. g3 Rxe1 {½-½ Barglowski,F (2318)-Bartel,M (2453) POL-chT U19 35th 2003 (7.1)}) 8. Bd2 b5 $146 ({RR} 8... O-O 9. O-O Bf5 10. Qe2 Bxd3 11. Qxd3 Qd7 12. Rfe1 Na6 13. Qe2 Nc7 14. Be3 Rae8 15. Qd2 Ng6 16. Ne2 Re7 17. Nf4 Nxf4 18. Bxf4 Rfe8 19. Rxe7 Rxe7 20. Re1 Rxe1+ 21. Nxe1 Ne6 22. Bxd6 Qxd6 {½-½ Wendt,U (1660)-Raitza,E (1617) Mecklenburg VP LL2 West 1314 2013 (5.8)}) ({RR} 8... Bg4 9. h3 Bh5 10. Qe2 Qc7 11. O-O Nd7 12. a3 O-O-O 13. b4 Rde8 14. Qd1 g5 15. g4 Bg6 16. b5 c5 17. Re1 c4 18. Bxg6 hxg6 19. Kg2 Ref8 20. a4 Qd8 21. Qe2 Kb8 22. Qe6 Nb6 23. a5 {0-1 Ampaire,S (1839)-Guo Qi (2362) BRICS Games Rapid Team 2024 (7.7)}) ({RR} 8... Bf5 9. Qe2 Bxd3 10. Qxd3 O-O 11. Nh4 Qd7 12. O-O-O b5 13. f4 a5 14. Qf3 a4 15. f5 Na6 16. g4 Nc7 17. Ng2 b4 18. Ne2 b3 19. cxb3 axb3 20. axb3 Nb5 21. Ngf4 Ra2 22. Bc3 Qa7 23. Qe3 {1-0 Yanjindulan,D (2154)-Shmirina,E (2048) Wch U14 Girls 2002 (3)}) 9. Ne2 Qc7 10. c3 Bg4 11. Ng3 Nd7 12. Qe2 Nf8 13. Nf5 Bxf5 14. Bxf5 Kf7 15. Bc2 Nfg6 16. g3 Rhe8 17. O-O h5 18. Rae1 Qd7 19. Kg2 h4 20. Kh1 Rh8 21. Rg1 c5 22. dxc5 Bxc5 23. gxh4 Nxh4 24. Nxh4 Rxh4 25. Rg2 Rah8 26. Reg1 g5 27. Rf1 Bd6 28. f4 Qc7 29. Be1 Rxf4 30. Bf2 Nf5 31. Bxf5 Rxf5 32. Re1 Re5 33. Qxb5 Rxe1+ 34. Bxe1 Bxh2 35. Qxd5+ Kg6 36. Qe4+ Kg7 37. Re2 Bg3+ 38. Kg1 Bxe1 39. Rxe1 Qg3+ 40. Kf1 Rf8 41. Qb7+ Rf7 42. Re7 Qf4+ 43. Kg2 Qd2+ 44. Kf3 Qd1+ 45. Kf2 Qc2+ 46. Kf3 Qd3+ 47. Kf2 Qf5+ 48. Kg2 Qc2+ 49. Kf3 Qd1+ 50. Kf2 Qd2+ 51. Kf3 Qd1+ 52. Kf2 1/2-1/2